000 00837nam a2200241 a 4500
001 44201
003 BD-RjUL
005 20211209053820.0
008 160714s1958 ii ||||| |||| 00| f ben d
020 _c: IRs. 6.00
035 _a(BD-RjUL)44319
040 _aBD-RjUL
_bben
_cBD-RjUL
041 _aben
082 _223
_a891.443
_bROA 1958
100 _aরায়, অন্নদাশঙ্কর
_9119187
245 1 0 _aঅজ্ঞাতবাস /
_cঅন্নদাশঙ্কর রায়
250 _a৪র্থ সং.
260 _aকলিকাতা :
_bডি এম লাইব্রেরী,
_c১৯৫৮ (১৩৬৫)
300 _a[৮], ৩০৫ পৃ. ;
_c২০ সেমি.
650 _aবাংলা উপন্যাস
_9135721
650 _aBengali Fiction
_9135722
942 _2ddc
_cBK
999 _c44201
_d44201